| 000 | 03025nam0a2200469 4500 | ||
|---|---|---|---|
| 001 | RU\NLR\BIBL_A\011852999 | ||
| 005 | 20250626140754.0 | ||
| 020 |
_aRU _b18574 _9Сводный каталог листовок первых лет Советской власти (25 октября (7 ноября) 1917 - 1925) Т.6. Листовки органов военного управления отдельных воинских соединений и частей военных организаций и учреждений |
||
| 035 | _a(NLR Aleph) 011852999 | ||
| 090 |
_a12112047 _c12112047 |
||
| 100 | _a20181102j19210327|||y0rusy50 ca | ||
| 101 | 0 | _arus | |
| 102 | _aRU | ||
| 105 | _ay z 000zy | ||
| 135 | _acrcn 024anaba | ||
| 200 | 1 |
_aПриказ № 37 по гарнизону гор. Сочи, Марта 27 дня 1921 г. "Объявляю...правила...на право пользования автомобилями..." _e[листовка] |
|
| 210 |
_aСочи _c[б.и.] _d1921, март, 27 |
||
| 215 |
_a1 с. _d16х14 |
||
| 300 | _aПодписи: Начальник Военных Сообщений 9 и Военком Кучинский. Нач. Полевого АвтоУправления 9 Трайнин. Начгарнизона Карноухов. Адъютант Н. Стец | ||
| 316 |
_aНа листовке корректурные пометки _5NLR |
||
| 325 | _aКопия доступна в Электрон. б-ке РНБ | ||
| 327 | 1 | _aО правилах эксплуатации грузовых автомобилей войсковыми частями и учреждениями | |
| 517 | 1 | _aОбъявляю...правила...на право пользования автомобилями... | |
| 540 | 1 | _aО правилах эксплуатации грузовых автомобилей войсковыми частями и учреждениями | |
| 607 |
_aРСФСР _jЛистовки _xПолитика и управление _y1917 - 1925 _92312782 _3RU\NLR\auth\6601609564 |
||
| 686 | 0 | _aТ3(2)71-313,011 | |
| 686 | 0 | _aЦ35(2)712.4,011 | |
| 702 | 1 |
_aКучинский _cучастник военного управления, г. Сочи _4720 |
|
| 702 | 1 |
_aТрайнин _cучастник военного управления, г. Сочи _4720 |
|
| 702 | 1 |
_aКарноухов _cвоенный комиссар, г. Сочи _4720 |
|
| 702 | 1 |
_aСтец _bН. _cадъютант, г. Сочи _4720 |
|
| 711 | 0 | 2 |
_aСочинский гарнизон _9619454 _3RU\NLR\AUTH\880479359 |
| 852 | 0 | 0 |
_aNLR _bФЛ _j67/171 |
| 942 | _cBOOK | ||
| 980 | _aNB | ||
| 981 | 2 | 1 |
_a(21) Листовки _b(21) Листовки 1921 года |